| 000 | 00848nam a2200253 4500 | ||
|---|---|---|---|
| 003 | OSt | ||
| 005 | 20260530113903.0 | ||
| 008 | 260506b2004 NE ||||| |||| 00| 0 eng d | ||
| 040 |
_aICI _bSPA _cICI |
||
| 041 | _aENG | ||
| 050 |
_a NK1454.Z9 _b B73 |
||
| 100 | 1 |
_a Vav Rijn Marike _932466 |
|
| 245 | 1 | 0 |
_aBrand environment design / _cstories, Jim Smith ... [y otros.] ; compilation: Marike Van Rijn |
| 264 | 1 |
_aAmsterdam : _bBIS, _c2004 |
|
| 300 |
_a1 volumen (pag. varía) : _bilustraciones a color |
||
| 336 |
_atexto _2rdacontent |
||
| 337 |
_asin medio _2rdamedia |
||
| 338 |
_avolumen _2rdacarrier |
||
| 610 |
_aQua Associates _vCatálogos _932467 |
||
| 650 |
_a Diseño _xHistoria |y Siglo XX _zPaíses Bajos _932468 |
||
| 700 | 1 |
_aSmith, Jim, _ecolaborador _932469 |
|
| 700 | 1 |
_aVan Rijn, Marike, _ecompilador _932470 |
|
| 942 |
_2lcc _cBK _n1 |
||
| 999 |
_c11834 _d11834 |
||